00732nam a22001337a 4500008004100000020001500041050002800056245037300084260004300457300002200500440003600522800002300558800001700581140902b xxu||||| |||| 00| 0 eng d a0406092990 aKD277.7.L39(1913 vol.3) a The Law Reports (1913 vol.3) Kings bench division: of the incorporated council of law reporting Of the incorporated council of law reporting king's bench division and on appeal therefrom in the court of appeal decisions in the court of criminal appeal and decisions of the railway and canal commission. / cedited by Sir Frederick Pollock and assisted by A. P. Stone aLondon:bButterworth & Co. Ltd,c1913. axvi,941p.:c24cm. pKing's bench division vVol III aPollock, Frederick aStone, A.P.